1007 1373 1153 1186 1130 1107 1455 1130 1879 1762 1556 1885 1461 1094 1629 1152 1668 1730 1757 1442 1283 1083 1278 1616 1421 1972 1259 1078 1666 1113 1341 1931 1792 1831 1577 1436 1822 1598 1734 1255 1592 1132 1083 1572 1384 1044 1952 1735 1636 1293 1838 1072 1249 1758 1885 1137 1241 1327 1481 1074 1585 1590 1094 1281 1890 1943 1303 1386 1685 1534 1156 1045 1942 1722 1272 1286 1916 1394 1200 1740 1248 1818 1697 1103 1346 1952 1309 1901 1371 1672 1420 1501 1835 1345 1570 1125 1768 1370 1146 BCNSPRNW ULIB Ver.6.0+V

เปลี่ยนเป็นภาษาไทย

Change to English
 แสดงรายละเอียดบรรณานุกรม
  กลับหน้าหลัก

Brief Record : Get Marc (ISO 2709) : E-mail record : QR code < ปิดหน้าต่าง
LEADER : 00000nam 2200000uu 4500
001    13399108796
003     ULIB
008    110315s2545||||th 000 0 tha d
060  4 W76^bพ361ค 2545
110 1  กระทรวงสาธารณสุข^bสถาบันพระบรมราชชนก
245 00 การประชุมวิชาการพัฒนากำลังคนด้านสุขภาพประจำปี2545 "การปฏิรูปการศึกษาวิทยาศาสตร์สุขภาพ:หลักสูตรและการเรียนรู้":เปี่ยมล้นปัญญา/^cสาลิกา เมธนาวินและคณะ,บรรณาธิการ
260    นนทบุรี:^bสถาบันพระบรมราชชนก,^c2545
300    92 หน้า
650  7 การพัฒนากำลังคนด้านสุขภาพ^xการประชุม
700 0  สาลิกา เมธนาวินและคณะ,บรรณาธิการ
945    ^p0^l0^i016058
995    ทศพร
999 ^a ใช้งานได้ทุกระบบ
รายการนี้ยังไม่มีแท็ก
คุณยังไม่ได้ล็อกอิน คุณสามารถมีกิจกรรมร่วมกับเว็บไซต์ได้ แต่ต้องล็อกอินก่อน ::
  ล็อกอิน

รายการสื่อสารสนเทศ

ลำดับที่ ประเภท เลขเรียก/บาร์โค้ด สถานที่ สถานะ
- ไม่พบข้อมูล -

BibComment


ยังไม่เคยถูกคอมเมนท์

คอมเมนท์ทรัพยากรรายการนี้
  คอมเมนท์: การประชุมวิชาการพ..


 Copyright 2026. Bcnsprnw @Library